000
00336nam a2200133Ia 4500
008
240624s9999 xx 000 0 und d
041
_a
eng
082
_a
823 SUR
100
_a
SURAIYA JUG
245
_a
JUST JUGGLERY JUGGLING ACT II
260
_c
2011
_a
New Delhi
_b
Times Group Books
300
_a
215 : p. : cm. ; 20
365
_c
RS
_b
25
999
_c
20058
_d
20058